Kỹ thuật nuôi và phòng trị bệnh cho chó/
v.v...
Đã lưu trong:
| Tác giả chính: | |
|---|---|
| Định dạng: | Sách |
| Năm xuất bản: |
H.:
Lao động xã hội,
2006.
|
| Chủ đề: | |
| Tags: |
Thêm thẻ
Không có thẻ, Hãy là người đầu tiên gắn thẻ bản ghi này!
|
| LEADER | 01228nam a2200193 4500 | ||
|---|---|---|---|
| 082 | |a 636.7 |b K600TH | ||
| 100 | |a Phạm Sỹ Lăng | ||
| 245 | |a Kỹ thuật nuôi và phòng trị bệnh cho chó/ |c Phạm Sỹ Lăng chủ biên, Trần Anh Tuấn, Bùi Văn Đoan, Vương Lan Phương. | ||
| 260 | |a H.: |c 2006. |b Lao động xã hội, | ||
| 300 | |c 19 cm. |a 176 tr.; | ||
| 520 | |a v.v... | ||
| 653 | |a Chó - Nuôi | ||
| 942 | |2 ddc |c STK0 | ||
| 999 | |c 6423 |d 6423 | ||
| 952 | |0 0 |1 0 |2 ddc |4 0 |6 636_700000000000000_K600TH |7 0 |8 600 |9 59446 |a qbu |b qbu |c D3 |d 2015-01-16 |g 23500 |o 636.7 K600TH |p 6262.c1 |r 0000-00-00 |w 2015-01-16 |y STK0 | ||
| 952 | |0 0 |1 0 |2 ddc |4 0 |6 636_700000000000000_K600TH |7 0 |8 600 |9 59447 |a qbu |b qbu |c D3 |d 2015-01-16 |g 23500 |o 636.7 K600TH |p 6262.c2 |r 0000-00-00 |w 2015-01-16 |y STK0 | ||
| 952 | |0 0 |1 0 |2 ddc |4 0 |6 636_700000000000000_K600TH |7 0 |8 600 |9 59448 |a qbu |b qbu |c D3 |d 2015-01-16 |g 23500 |o 636.7 K600TH |p 6262.c3 |r 0000-00-00 |w 2015-01-16 |y STK0 | ||
| 952 | |0 0 |1 0 |2 ddc |4 0 |6 636_700000000000000_K600TH |7 0 |8 600 |9 59449 |a qbu |b qbu |c D3 |d 2015-01-16 |g 23500 |o 636.7 K600TH |p 6262.c4 |r 0000-00-00 |w 2015-01-16 |y STK0 | ||
| 952 | |0 0 |1 0 |2 ddc |4 0 |6 636_700000000000000_K600TH |7 0 |8 600 |9 59450 |a qbu |b qbu |c D3 |d 2015-01-16 |g 23500 |o 636.7 K600TH |p 6262.c5 |r 0000-00-00 |w 2015-01-16 |y STK0 | ||